Las estructuras comunales y el desarrollo social /
Gorde:
| Egile nagusia: | |
|---|---|
| Beste egile batzuk: | |
| Formatua: | Texto |
| Etiketak: |
Etiketa erantsi
Etiketarik gabe, Izan zaitez lehena erregistro honi etiketa jartzen!
|
MARC
| LEADER | 00000 a a2200000 04500 | ||
|---|---|---|---|
| 001 | 3195 | ||
| 003 | |||
| 040 | |||
| 100 | |a Andreev, Igor | ||
| 245 | |a Las estructuras comunales y el desarrollo social / |c Igor Andreev | ||
| 700 | |a Tumarkin, Daniil | ||
| 773 | |g número 4; páginas 178-191 | ||
| 999 | |c 27700 |d 27700 | ||
